| Tag |
First Indicator |
Second Indicator |
Subfields |
| LEADER |
00000cam a2200000 i 4500 |
| 001 |
in00003913607 |
| 005 |
20180214135323.0 |
| 008 |
160926t20172017oncab b 001 0 eng |
| 020 |
|
|
|a 9781771121828
|q (hardback)
|
| 020 |
|
|
|a 1771121823
|q (hardback)
|
| 035 |
|
|
|a (OCoLC)ocn960097056
|
| 040 |
|
|
|a NLC
|b eng
|e rda
|c NLC
|d CDX
|d C#P
|d UtOrBLW
|
| 043 |
|
|
|a n-cn---
|a e-fr---
|a e-be---
|
| 049 |
|
|
|a TXAM
|
| 050 |
|
4 |
|a D547.C2
|b S76 2017
|
| 055 |
|
0 |
|a D547 C2
|b S74 2017
|
| 082 |
0 |
|
|a 940.4/1271
|2 23
|
| 100 |
1 |
|
|a Stewart, Timothy J.,
|d 1955-
|e author.
|0 http://id.loc.gov/authorities/names/no2017135657
|
| 245 |
1 |
0 |
|a Toronto's Fighting 75th in the Great War, 1915-1919 :
|b a prehistory of the Toronto Scottish Regiment (Queen Elizabeth The Queen Mother's Own) /
|c Timothy J. Stewart.
|
| 246 |
3 |
|
|a Toronto's Fighting Seventy-fifth in the Great War, 1915-1919
|
| 264 |
|
1 |
|a Waterloo, Ontario :
|b Wilfrid Laurier University Press,
|c [2017]
|
| 264 |
|
4 |
|c ©2017
|
| 300 |
|
|
|a xxiii, 526 pages :
|b illustrations (some color), maps ;
|c 26 cm. +
|e 1 folded map in pocket.
|
| 336 |
|
|
|a text
|b txt
|2 rdacontent
|
| 337 |
|
|
|a unmediated
|b n
|2 rdamedia
|
| 338 |
|
|
|a volume
|b nc
|2 rdacarrier
|
| 504 |
|
|
|a Includes bibliographical references and index.
|
| 505 |
0 |
|
|a Toronto and Mississauga Horsemen (1901 -- 1914) -- Canada prepares for war (July-September 1914) -- Samuel Beckett sets up the 75th (August 1914-July 1915) -- Shaping soldiers in Niagara and Toronto (August 1915-March 1916) -- Bramshott and the New, 4th Division (April-August 1916) -- St Eloi : getting bloodied (Mid-August-Mid-October 1916) -- The Somme : Regina and desire trenches (Mid-October-November 1916) -- Vimy : the battle in the snow (December 1916-April 1917) -- La Coulotte, Lens, and Passchendaele (May-December 1917) -- From Vimy to Arras (January-July 1918) -- Amiens : the 75th and Le Quesnel (August 1918) -- Smashing Hindenburg : Dury Ridge, Canal du Nord, Bourlon Wood, Cambrai (September 1918) -- The final push : Valenciennes (October-November 1918) -- The long goodbye (December 1918-8 June 1919) -- From 75th to Toronto Scottish (July 1919-September 1939).
|
| 610 |
1 |
0 |
|a Canada.
|b Canadian Army.
|b Toronto Scottish Regiment.
|
| 650 |
|
0 |
|a World War, 1914-1918
|x Regimental histories
|z Canada.
|0 http://id.loc.gov/authorities/subjects/sh2010119565
|
| 650 |
|
0 |
|a World War, 1914-1918
|x Campaigns
|z France, Northern.
|
| 650 |
|
0 |
|a World War, 1914-1918
|x Campaigns
|z Belgium.
|0 http://id.loc.gov/authorities/subjects/sh85148244
|
| 945 |
|
|
|b 308404
|
| 947 |
|
|
|a A14850246092
|
| 948 |
|
|
|a cataloged
|b h
|c 2017/11/15
|d c
|e dmitchel
|f 12:30:20 pm
|
| 994 |
|
|
|a 92
|b TXA
|
| 999 |
f |
f |
|s e37d0696-1fc6-3a7b-bfbd-f2abb721d339
|i 4c29646e-2a6e-3960-8a49-88b4bfd3de1a
|t 0
|
| 952 |
f |
f |
|p normal
|a Texas A&M University
|b College Station
|c Sterling C. Evans Library
|d Evans: Library Stacks
|t 0
|e D547.C2 S76 2017
|h Library of Congress classification
|i unmediated -- volume
|m A14850246092
|
| 998 |
f |
f |
|a D547.C2 S76 2017
|t 0
|l Evans: Library Stacks
|